<?xml version="1.0" encoding="UTF-8"?>
<record
    xmlns:xsi="http://www.w3.org/2001/XMLSchema-instance"
    xsi:schemaLocation="http://www.loc.gov/MARC21/slim http://www.loc.gov/standards/marcxml/schema/MARC21slim.xsd"
    xmlns="http://www.loc.gov/MARC21/slim">

  <leader>01382nam a2200205Ia 4500</leader>
  <controlfield tag="003">OSt</controlfield>
  <controlfield tag="005">20250813153129.0</controlfield>
  <controlfield tag="008">210719s1989    xx            000 0 und d</controlfield>
  <datafield tag="040" ind1=" " ind2=" ">
    <subfield code="c">AL</subfield>
  </datafield>
  <datafield tag="041" ind1=" " ind2=" ">
    <subfield code="a">Kannada</subfield>
  </datafield>
  <datafield tag="082" ind1=" " ind2=" ">
    <subfield code="a">K894.2 KAIV</subfield>
  </datafield>
  <datafield tag="100" ind1=" " ind2=" ">
    <subfield code="a">KAILASAM</subfield>
    <subfield code="d">&#xC9F;&#xCBF;.&#xCAA;&#xCBF;. &#xC95;&#xCC8;&#xCB2;&#xCBE;&#xCB8;&#xC82;</subfield>
    <subfield code="9">235369</subfield>
  </datafield>
  <datafield tag="245" ind1=" " ind2=" ">
    <subfield code="a">Vaidyana vyadi.</subfield>
    <subfield code="b">&#xCB5;&#xCC8;&#xCA6;&#xCCD;&#xCAF;&#xCA8; &#xCB5;&#xCCD;&#xCAF;&#xCBE;&#xCA7;&#xCBF;</subfield>
  </datafield>
  <datafield tag="260" ind1=" " ind2=" ">
    <subfield code="a">Bengaluru</subfield>
    <subfield code="b">Bi Es Ramarav</subfield>
    <subfield code="c">1989</subfield>
  </datafield>
  <datafield tag="300" ind1=" " ind2=" ">
    <subfield code="a">39</subfield>
    <subfield code="b">PB</subfield>
  </datafield>
  <datafield tag="365" ind1=" " ind2=" ">
    <subfield code="b">1</subfield>
    <subfield code="c">Rs</subfield>
  </datafield>
  <datafield tag="520" ind1=" " ind2=" ">
    <subfield code="a">&#xCA8;&#xCBE;&#xC9F;&#xC95;&#xC95;&#xCBE;&#xCB0; &#xC9F;&#xCBF;.&#xCAA;&#xCBF;. &#xC95;&#xCC8;&#xCB2;&#xCBE;&#xCB8;&#xC82; &#xC85;&#xCB5;&#xCB0;&#xCC1; &#xCAC;&#xCB0;&#xCC6;&#xCA6; &#xCA8;&#xCBE;&#xC9F;&#xC95;-&#xCB5;&#xCC8;&#xCA6;&#xCCD;&#xCAF;&#xCA8; &#xCB5;&#xCCD;&#xCAF;&#xCBE;&#xCA7;&#xCBF; &#xC85;&#xCA5;&#xCCD;&#xCB5;&#xCBE; &#xCA8;&#xCC6;&#xCB0;&#xCB9;&#xCCA;&#xCB0;&#xCCD;&#xC95;&#xCC6; &#xCA8;&#xCC6;&#xCB0;&#xCC6;&#xCB9;&#xCCA;&#xCB0;&#xCCD;&#xC95;&#xCC6;&#xCA8;&#xCC7;&#xCB5;&#xCC6;&#xCAF;&#xCC7;!. &#xCB0;&#xC82;&#xC97;&#xCA3;&#xCCD;&#xCA3;, &#xCB8;&#xCC0;&#xCA4;&#xCAE;&#xCCD;&#xCAE;, &#xCB8;&#xCBE;&#xCB5;&#xCBF;&#xCA4;&#xCCD;&#xCB0;&#xCAE;&#xCCD;&#xCAE;, &#xCB8;&#xCC1;&#xCAC;&#xCCD;&#xCAC;&#xCA3;&#xCCD;&#xCA3;, &#xCAA;&#xCBE;&#xCB0;&#xCCD;&#xCB5;&#xCA4;&#xCAE;&#xCCD;&#xCAE; &#xCB9;&#xCBE;&#xC97;&#xCC2; &#xCB2;&#xC95;&#xCCD;&#xCB7;&#xCCD;&#xCAE;&#xCBF;&#xCA6;&#xCC7;&#xCB5;&#xCAE;&#xCCD;&#xCAE; &#xC88; &#xC86;&#xCB0;&#xCC1; &#xCAA;&#xCBE;&#xCA4;&#xCCD;&#xCB0;&#xC97;&#xCB3; &#xCAE;&#xCC2;&#xCB2;&#xC95; &#xC95;&#xCA5;&#xCC6; &#xCB9;&#xCC6;&#xCA3;&#xCC6;&#xCA6; &#xCA8;&#xCBE;&#xC9F;&#xC95;&#xCB5;&#xCBF;&#xCA6;&#xCC1;. &#xCA8;&#xCC6;&#xCB0;&#xCC6;&#xCB9;&#xCCA;&#xCB0;&#xCC6;&#xCAF;&#xCB5;&#xCB0; &#xC86;&#xC9A;&#xCBE;&#xCB0;-&#xCB5;&#xCBF;&#xC9A;&#xCBE;&#xCB0;&#xC97;&#xCB3;&#xCC1; &#xCB9;&#xCC7;&#xC97;&#xCC6; &#xCB8;&#xCBE;&#xCAE;&#xCBE;&#xC9C;&#xCBF;&#xC95; &#xC9C;&#xCC0;&#xCB5;&#xCA8;&#xCA6;&#xCB2;&#xCCD;&#xCB2;&#xCBF; &#xCAA;&#xCBE;&#xCA4;&#xCCD;&#xCB0;&#xCB5;&#xCB9;&#xCBF;&#xCB8;&#xCC1;&#xCA4;&#xCCD;&#xCA4;&#xCB5;&#xCC6; &#xC8E;&#xC82;&#xCAC;&#xCC1;&#xCA6;&#xCA8;&#xCCD;&#xCA8;&#xCC1; &#xCB9;&#xCBE;&#xCB8;&#xCCD;&#xCAF; &#xCB9;&#xCBE;&#xC97;&#xCC2; &#xC9A;&#xCBF;&#xC82;&#xCA4;&#xCA8;&#xCBE; &#xCAA;&#xCCD;&#xCB0;&#xCA7;&#xCBE;&#xCA8;&#xCB5;&#xCBE;&#xC97;&#xCBF; &#xCAC;&#xCBF;&#xC82;&#xCAC;&#xCBF;&#xCB8;&#xCC1;&#xCB5; &#xCA8;&#xCBE;&#xC9F;&#xC95;&#xCB5;&#xCBF;&#xCA6;&#xCC1;.</subfield>
  </datafield>
  <datafield tag="650" ind1=" " ind2=" ">
    <subfield code="a">Kannada Drama</subfield>
    <subfield code="9">235370</subfield>
  </datafield>
  <datafield tag="942" ind1=" " ind2=" ">
    <subfield code="2">ddc</subfield>
    <subfield code="c">BK</subfield>
  </datafield>
  <datafield tag="999" ind1=" " ind2=" ">
    <subfield code="c">213130</subfield>
    <subfield code="d">213130</subfield>
  </datafield>
  <datafield tag="952" ind1=" " ind2=" ">
    <subfield code="0">0</subfield>
    <subfield code="1">0</subfield>
    <subfield code="2">ddc</subfield>
    <subfield code="4">0</subfield>
    <subfield code="7">0</subfield>
    <subfield code="8">KAN</subfield>
    <subfield code="a">AL</subfield>
    <subfield code="b">AL</subfield>
    <subfield code="d">1996-06-06</subfield>
    <subfield code="g">1.00</subfield>
    <subfield code="l">0</subfield>
    <subfield code="o">K894.2 KAIV</subfield>
    <subfield code="p">D01229</subfield>
    <subfield code="r">2021-07-19 00:00:00</subfield>
    <subfield code="u">https://archive.org/details/unset0000unse_o4t7/mode/2up</subfield>
    <subfield code="w">2021-07-19</subfield>
    <subfield code="y">DB</subfield>
  </datafield>
</record>
